| 000 | 00711nas a2200241 4500 | ||
|---|---|---|---|
| 001 | BR8902808 | ||
| 003 | BR-BrBNA | ||
| 005 | 20231205091604.0 | ||
| 007 | ta | ||
| 008 | 230509b bl.|||p| |||| 00| 00por d | ||
| 040 |
_aBR-BrBNA _bpor _cBiblioteca Nacional de Agricultura |
||
| 041 | _a(Pt) | ||
| 072 | _aK10 | ||
| 100 | 1 | _aMagalhaes, L.M.S. | |
| 100 | 1 | _aOliveira, M.V. de | |
| 100 | 1 | _aMoreira, F.W. | |
| 245 | 1 | _aRelacao entre solo e floresta, no territorio de Roraima | |
| 650 | _aRECURSO FLORESTAL | ||
| 650 | _aRORAIMA | ||
| 773 | 0 |
_tActa Amazonica (Brazil) _xISSN 0044-5967 _g(Mar-Jun 1988), v. 18(1-2) p. 363-366 _wBR8902808 |
|
| 909 |
_a202311 _bLúcia _c55 _dLúcia Elande |
||
| 942 |
_2AGRIS _n0 _cANA |
||
| 999 |
_c126033 _d126033 |
||